000
00257nam a2200109Ia 4500
005
20251222114415.0
008
251222s1900||||xx |||||||||||||| ||spa||
082
_a
DVD0124/J62/1988
245
0
_a
U2 Rattle and Hum.
264
_b
McGuinness, Paul
942
_c
DVD
999
_c
2192
_d
2192